000 00339nam a2200133Ia 4500
008 230411s9999 xx 000 0 und d
041 _aeng
082 _aAD/610.7/CLE/B06824
100 _aClement I
_9119826
245 _aMSc Nursing Log Book
260 _bJaypee Brothers
_aBangalore
_c2011
300 _a84p
999 _c157121
_d157121